000 00483nam a2200157Ia 4500
003 GCL
008 140319s9999 xx 000 0 eng d
040 _aGCL /
_cGCL
082 0 4 _aCC
_b932
_bS B
100 1 _aSOCIETE FRANCAISE D'EGYPTOLOGY
245 1 0 _aBULLETIN TRIMESTRIEL DE LA SOCIETE FRANCAISE D'EGYPTOLOGIE: NO.18,26,27,31 /
_cSOCIETE FRANCAISE D'EGYPTOLOGY
260 _a[S.N] :
_bCABINET D'EGYPTOLOGIE
650 0 4 _aANCIENT EGYPT
650 0 4 _aEGYPTOLOGY
942 _2ddc
_cBK
999 _c11452
_d11452